Setting Up a Successful Jewellery Business

Guardat en:
Dades bibliogràfiques
Autor principal: Boothroyd, Angie
Format: Llibre
Publicat: A&C Black
Etiquetes: Afegir etiqueta
Sense etiquetes, Sigues el primer a etiquetar aquest registre!
LEADER 00754cam a22001937a 4500
001 (Sirsi) i9781408130445
005 20190330164444.0
008 190219n xx ||||||||||||||||| |d
020 |a 9781408130445 
040 |a SMLIBRARY  |b eng  |c SMLIBRARY  |e AACR2 
100 |a Boothroyd, Angie 
245 1 |a Setting Up a Successful Jewellery Business 
260 |b A&C Black 
901 |a 746  |i TEMP003420  |m SMLIBRARY  |l ADULT  |t BOOK  |p 71.22  |x ADULT  |z ANFIC  |u 22/11/2013 
903 |a  SMLNEWITEM, SMLPOPULAR 
904 |a 1 
942 |2 ddc  |c BOOK 
952 |0 0  |1 0  |2 ddc  |4 0  |6 739_270680000000000_BOO  |7 0  |8 ADULT | ANFIC  |9 39315  |a SMLIBRARY  |b SMLIBRARY  |c ADULT  |d 2013-11-22  |g 71.22  |l 0  |o 739.27068 BOO  |p BK10025860K  |r 2019-03-30 00:00:00  |t 1  |v 71.22  |w 2019-06-25  |y ADULTBOOK 
999 |c 33542  |d 33542